00925nam a2200241 i 4500001001000000003000900010005001700019007000300036008004100039040003000080049000900110082001400119100004900133245012500182264007400307300005600381336002700437337003300464338002800497942001400525952012700539999001700666000031684DO-SdBNP20240723100939.0ta110630n19-- dr ac 000 | spa d aDO-SdBNPbspacBNPHUerda aBNPD 4bB862V2221 aViguera Ozuna, Vinicio,d1921-957966eautor10aSan Pedro De Macorís :bpunto de arranque en la exitosa carrera artística de Eduardo Brito /cVinicio Viguera Ozuna. aSan Pedro de Macorís, República Dominicana :bEditora 23,c199-?. a[20] páginas :bilustraciones, retratos ;c22 cm. 2rdacontentatextobtxt 2rdamediaasin mediaciónbn 2rdacarrieravolumenbnc 2ddccLBS1 00102ddc51708PDaBNPHUbBNPHUcCTd2011-06-30l0oBNPHU PD B862Vp31684-10r2020-06-25w2020-06-25yLBS1ZNo se presta c31176d31176